Solaris Internals (Record no. 366724)

MARC details
000 -LEADER
fixed length control field 00361nam a22001337a 4500
005 - DATE AND TIME OF LATEST TRANSACTION
control field 20250521102628.0
008 - FIXED-LENGTH DATA ELEMENTS--GENERAL INFORMATION
fixed length control field 250521b |||||||| |||| 00| 0 eng d
020 ## - INTERNATIONAL STANDARD BOOK NUMBER
International Standard Book Number 8178083167
100 ## - MAIN ENTRY--PERSONAL NAME
Author Mauro J. McDougall R.
245 ## - TITLE STATEMENT
Title Solaris Internals
Remainder of title core kernel architecture
260 ## - PUBLICATION, DISTRIBUTION, ETC.
Place of publication, distribution, etc. New Delhi
Name of publisher, distributor, etc. Pearson Edu.
Date of publication, distribution, etc. 2001
300 ## - PHYSICAL DESCRIPTION
Extent 657pp.
942 ## - ADDED ENTRY ELEMENTS (KOHA)
Koha item type Books
Holdings
Withdrawn status Lost status Source of classification or shelving scheme Damaged status Not for loan Home library Current library Date acquired Total Checkouts Barcode Date last seen Bill Date Koha item type Original Barcode
    Dewey Decimal Classification     MKSSS s K.B. Joshi Institute of Information Technology Library MKSSS s K.B. Joshi Institute of Information Technology Library 21/05/2025   KBJP-D-137 21/05/2025 21/05/2025 Books D137